LEADER 01737nam 2200457 450 001 9910825664003321 005 20200520144314.0 010 $a1-4232-1888-4 035 $a(CKB)3710000001404199 035 $a(MiAaPQ)EBC4877137 035 $a(Au-PeEL)EBL4877137 035 $a(CaPaEBR)ebr11397778 035 $a(OCoLC)990415999 035 $a(BIP)037653741 035 $a(EXLCZ)993710000001404199 100 $a20190124d2012 uy 0 101 0 $aeng 135 $aurcnu|||||||| 181 $ctxt$2rdacontent 182 $cc$2rdamedia 183 $acr$2rdacarrier 200 00$aMac OS X Mountain Lion 210 1$a[Place of publication not identified] :$cBarCharts, Inc.,$d[2012] 215 $a1 online resource (6 pages) 225 1 $aQuick Study Computer 311 $a1-4232-1870-1 330 8 $aMountain Lion, the latest version of the Mac OS X operating system software, offers hundreds of new features. This guide will help beginning, intermediate, and advanced Mac users navigate their way through this cutting-edge operating system. The major new features are described in detail. Screen captures and icons, along with clear and concise instructions, are included to make learning your way around your Mac a breeze. 410 0$aQuickStudy computer. 606 $aOperating systems (Computers)$xExaminations$vStudy guides 610 $aMAC OS (COMPUTER OPERATING SYSTEM) 610 $aCOMPUTERS 615 0$aOperating systems (Computers)$xExaminations 676 $a005.4469 700 $aHales$b John$01004982 801 0$bMiAaPQ 801 1$bMiAaPQ 801 2$bMiAaPQ 906 $aBOOK 912 $a9910825664003321 996 $aMac OS X Mountain Lion$94016358 997 $aUNINA LEADER 06262oam 2201141 c 450 001 9910372789103321 005 20260302090207.0 010 $a9783839411896 010 $a3839411890 024 7 $a10.14361/9783839411896 035 $a(CKB)3710000000482835 035 $a(OAPEN)1007511 035 $a(DE-B1597)461382 035 $a(OCoLC)979612350 035 $a(OCoLC)980201630 035 $a(DE-B1597)9783839411896 035 $a(MiAaPQ)EBC5494368 035 $a(Au-PeEL)EBL5494368 035 $a(OCoLC)1049911873 035 $a(transcript Verlag)9783839411896 035 $a(MiAaPQ)EBC6955878 035 $a(Au-PeEL)EBL6955878 035 $a(oapen)https://directory.doabooks.org/handle/20.500.12854/28536 035 $a(ScCtBLL)50edd2ee-277d-4e10-8763-fc61292b7cbf 035 $a(OCoLC)1110437790 035 $a(OCoLC)1269202602 035 $a(EXLCZ)993710000000482835 100 $a20260302h20152010 uy 0 101 0 $ager 135 $auuuuu---auuuu 181 $ctxt$2rdacontent 182 $cc$2rdamedia 183 $acr$2rdacarrier 200 10$aLeben im »neuen Europa«$eKonsum, Lebensstile und Körpertechniken im Postsozialismus$fAsta Vonderau 205 $a1st ed. 210 $aBielefeld$ctranscript Verlag$d2015 210 $d2015, c2010 215 $a1 online resource (238) 225 0 $aKultur und soziale Praxis 311 08$a9783837611892 311 08$a3837611892 327 $aFrontmatter 1 Inhalt 5 Einfu?hrung 7 Wohin mit dem Postsozialismus? 19 (Miss-)Erfolge einer ?einheimischen? Ethnographin 29 Einleitung 57 Konsum als Erfahrung der Moderne 61 Vom situativ handelnden zum unternehmerischen Individuum 93 Materialita?t und Ko?rperlichkeit des guten Lebens. Zum Verha?ltnis von Menschen und Dingen 127 Semantiken des Erfolgs. Mediale Repra?sentationen 157 PlacesBodies. Ko?rperliche und ra?umliche Zeichen des guten Lebens in der Stadt 183 Schluss: Sichtbarkeit der Gewinner, Unsichtbarkeit der Verlierer 207 217 Dank 217 Literatur 219 Abbildungen 235 330 $aDie Grenzen Europas sind seit einigen Jahren gen Osten verschoben ? Zeit für eine erste Bilanz des Alltags im »neuen Europa«. Wie wurde der homo sovieticus zum erfolgreichen Europäer? Was bedeuten heute Gleichheit und Differenz, Gemeinschaft und Individualität in den osteuropäischen Gesellschaften?Diese Studie untersucht die Logiken sozialer Differenzierung, die im Kontext der postsozialistischen Transformation und europäischen Integration auftreten. Konsumstrategien, Lebensstile und Körpertechniken werden als Ausdrucksformen veränderter Vorstellungen von Erfolg und gutem Leben analysiert. Es entsteht eine eindrucksvolle Ethnographie des neuen osteuropäischen Alltags. 330 1 $a»Die Dissertation von Asta Vonderau stellt eine dichte und materialreiche Monografie dar, deren Stärke im diachronen Vergleich und in der Darstellung der gesellschaftlichen Transformationsprozesse seit dem späten Sozialismus besteht.« 330 1 $a»Mit seiner interdisziplinären Vorgehensweise stellt dieses Buch einen bemerkenswerten Beitrag zur Analyse der sozialen Erfahrungen der postsozialistischen Moderne und in weiterer Perspektive zur Konstruktion des neuen Europa dar.« 330 1 $a»Die Arbeit von Asta Vonderau wird vor allem Studierende interessieren, die in ihren Studienbereichen den ?sozialen Wandel? in besonderer Weise bedenken wollen; das aber, so unsere Auffassung von Bildung, ist eine interdisziplinäre Aufgabe und Herausforderung. Hilfreich dürfte die Arbeit auch für diejenigen sein, die in geschäftlichen, freizeitlichen und politischen Zusammenhängen interkulturell mit Menschen und ihren Lebensauffassungen in den postsozialistischen Ländern zusammen kommen.« 330 1 $a»Asta Vonderaus durchweg spannende Ausführungen [überzeugen] auf weiten Strecken, nicht zuletzt auch deshalb, weil sie auf innovative Weise in eine große Forschungslücke vordringen.« 330 1 $a»Vonderaus Buch beleuchtet eine im klassisch politikwissenschaftlichen Kontext eher ungewöhnliche Seite postsozialistischer Transformation.« 330 1 $aBesprochen in:Osteuropa, 63/7 (2013), Jens Adam 330 1 $a»Mit ihrem Buch gelingt Vonderau nicht nur eine überzeugende kulturanthropologische Analyse sozialer Differenzierungsprozesse im Postsozialismus, sondern sie verknüpft darüber hinaus gewinnbringend Ansätze der Europäisierungs-, Transformations- und Elitenforschung.« 330 1 $a»Insgesamt kann ich diese dichte und vielschichtige Ethnographie nur jeden/r LeserIn ans Herz legen, um neue und längst überfällige Fragestellungen an und Perspektiven auf Europa zu entdecken.« 410 0$aKultur und Soziale Praxis 517 2 $aVonderau, Leben im »neuen Europa«$eKonsum, Lebensstile und Körpertechniken im Postsozialismus 606 $aEuropa 606 $aEurope 606 $aPostsozialismus 606 $aConsumption 606 $aOsteuropa 606 $aLifestyle 606 $aKonsum 606 $aBody 606 $aLebensstil 606 $aSocial Inequality 606 $aEliten 606 $aCultural Anthropology 606 $aKörper 606 $aEthnology 606 $aCultural Studies 606 $aSoziale Ungleichheit 606 $aKulturanthropologie 606 $aEthnologie 615 4$aEuropa 615 4$aEurope 615 4$aPostsozialismus 615 4$aConsumption 615 4$aOsteuropa 615 4$aLifestyle 615 4$aKonsum 615 4$aBody 615 4$aLebensstil 615 4$aSocial Inequality 615 4$aEliten 615 4$aCultural Anthropology 615 4$aKörper 615 4$aEthnology 615 4$aCultural Studies 615 4$aSoziale Ungleichheit 615 4$aKulturanthropologie 615 4$aEthnologie 676 $a305.523094793 686 $aLB 85323$2rvk 700 $aVonderau$b Asta$p
Asta Vonderau, Johannes Gutenberg-Universität Mainz, Deutschland
$4aut$0928251 801 0$bDE-B1597 801 1$bDE-B1597 906 $aBOOK 912 $a9910372789103321 996 $aLeben im »neuen Europa«$92086068 997 $aUNINA